4º- TOOL song lyrics - Statistics

General Stats
  • This quiz has been taken 8 times
    7 since last reset
  • The average score is 217 of 299
Answer Stats
UNDERTOW % Correct
a
100%
and
100%
from
100%
go
100%
I
100%
in
100%
in!
100%
in,
100%
in (x2)
100%
in (x4)
100%
no
100%
the
100%
to
100%
to,
100%
you
100%
You
100%
all
83%
All
83%
all,
83%
be
83%
can
83%
All
83%
Get
83%
do
83%
for
83%
Free
83%
Give
83%
it
83%
It
83%
it,
83%
it (x6)
83%
like
83%
me
83%
now
83%
now (x2)
83%
or
83%
that
83%
that (x2)
83%
too
83%
up
83%
up (x2)
83%
up (x8)
83%
what
83%
won't
83%
yourself
83%
yourself (x2)
83%
4
67%
away
67%
been
67%
degrees
67%
digging (x2)
67%
has
67%
inside
67%
Is
67%
Just
67%
just
67%
let
67%
Let
67%
Let's
67%
nothing
67%
of
67%
on,
67%
one
67%
show
67%
take
67%
Take
67%
way
67%
another
50%
back
50%
beneath
50%
Bring
50%
brings
50%
castles
50%
cavern
50%
feel
50%
I'll
50%
Lay
50%
Locked
50%
long
50%
out
50%
push
50%
short
50%
this
50%
This
50%
treasures
50%
us
50%
want
50%
warmer
50%
what's
50%
you'd
50%
You'll
50%
calm
33%
come
33%
Come
33%
crying
33%
down,
33%
dying
33%
eat
33%
kill
33%
Kill
33%
Knock
33%
left
33%
losing
33%
running
33%
cancer
17%
closer
17%
higher
17%
in (x2)
17%
pick
17%
than
17%
No matching quizzes found
Score Distribution
Percent of People with Each Score
Percentile by Number Answered
Your Score History
You have not taken this quiz since the last reset